000 01176nam a22002657a 4500
005 20101206113148.0
008 101206t xxu||||| |||| 00| 0 hin d
010 _aHIN-91794
020 _c100.00
_a9788173332951
035 _aHN-64140
037 _bDBAD/PUB
040 _aDPL
_bHN
082 _a
100 _924598
_aसुरेन्द्र मुनि
245 _aजगत माता /
_cसुरेन्द्र मुनि
260 _aराजस्थान
_bश्री तारक गुरू जैन ग्रन्थालय
_c2010
270 _aगुरू पुष्कर मार्ग, शास्त्री सर्कल, उदयपुर
_bराजस्थान
300 _a135पृ
_c19सेमी (अजिल्द)
650 _91169
_aहिन्दी कथा साहित्य
650 _925727
_aHindi Novel
700 _924599
700 _925390
942 _2ddc
_cHN
_mसुरेन्द्र
_h
999 _c50352
_d50352